The european convention on human rights: a commentary

-д хадгалсан:
Номзүйн дэлгэрэнгүй
Үндсэн зохиолч: Schabas, William A (Зохиогч)
Формат: Ном
Хэл сонгох:англи
Хэвлэсэн: Oxford Oxford University Press 2015
Хэвлэл:1a. ed
Нөхцлүүд:
Шошгууд: Шошго нэмэх
Шошго байхгүй, Энэхүү баримтыг шошголох эхний хүн болох!

MARC

LEADER 00000cam a2200000 a 4500
001 UCC9106
003 CL-VaPUC
008 190904e20150000uk |||||||||||||||||eng|d
020 |a 9780199594061 
082 0 4 |a 341.48094  |b SCH  |2 21 
100 0 |a Schabas, William A  |e author  |9 603972 
245 1 4 |a The european convention on human rights: a commentary 
250 |a 1a. ed 
300 |a 1308 p 
942 |c BK 
945 |d 20190904 15:40:00  |a dcastane 
260 |a Oxford  |b Oxford University Press  |c 2015 
650 0 |a Derechos humanos  |9 223025 
650 0 |a Derechos fundamentales   |9 254841 
650 0 |a Derecho europeo  |9 391498 
650 7 |a PROTECCION DE LOS DERECHOS HUMANOS  |2 CL-VaPUC  |9 452271 
583 |a last modification  |c 20190904 15:40:00  |k Rodrigo Vera 
999 |c 375300  |d 375298 
952 |0 0  |1 0  |3 erb  |4 0  |6 341_480940000000000_SCH_2015  |7 0  |8 WP_COW  |9 561248  |a BIBDER  |b BIBDER  |e Fundación W and P Cowley  |i 5598907  |o 341.48094 SCH 2015  |p 5598907  |r 2023-01-25  |w 2020-03-12  |y BK  |z Catalogado en:20190904  |k WPC